LIBRARY & INFORMATION CENTRE, KCAET, TAVANUR

ONLINE PUBLIC ACCESS CATALOGUE (OPAC)

Geographic information system; concept and business opportunities / (Record no. 13096)

MARC details
000 -LEADER
fixed length control field 00513cam a2200181ua 4500
041 ## - LANGUAGE CODE
Language code of text/sound track or separate title eng
082 ## - DEWEY DECIMAL CLASSIFICATION NUMBER
Classification number 550.006
Item number NAG/GE
100 ## - MAIN ENTRY--AUTHOR NAME
Personal name Nag, Prithvish .
245 ## - TITLE STATEMENT
Title Geographic information system; concept and business opportunities /
260 ## - PUBLICATION, DISTRIBUTION, ETC. (IMPRINT)
Place of publication New Delhi :
Name of publisher Concept Publishing Company ,
Year of publication 2007.
300 ## - PHYSICAL DESCRIPTION
Number of Pages 520 ;
Accompanying material `.
700 1# - ADDED ENTRY--PERSONAL NAME
Personal name Senguptha, Smith .
942 ## - ADDED ENTRY ELEMENTS (KOHA)
Koha item type Books
Holdings
Withdrawn status Lost status Damaged status Home library Current library Date acquired Full call number Accession Number Koha item type
      KAUAET KAUAET 07/04/2012 550.006 NAG/GE 21534 Books
free website counter